Našské mená miest

Príspevok k slovenskej toponymii

Bibliographic Details
Main Author: Šujanský, František, 1832-1907 (Author)
Format: Manuscript Book
Language:Slovak
German
Hungarian
Polish
Latin
Czech
PhysicalDescription:15 strán v rôznom stránkovaní rukopis, voľné listy 34 cm
Vydané aj v tlačenej forme
Published: [Selce] 1892
Subjects:

MARC

LEADER 00000ntmaa2200000 a 4500
001 vtls011909752
003 SK-MaSNL
005 20260426000829.0
008 251021s1892 xo || 000 1 slo
035 |a urn:nbn:sk:snk-tm00g5ej 
035 |a urn:nbn:sk:snk-tm3n4kq 
035 |a 9AF76594-ABD8-498C-BA7D-892A4171D65B 
040 |a SNKLA  |b slo  |c SNKLA  |e AACR2 
041 0 |a slo  |a ger  |a hun  |a pol  |a lat  |a cze 
044 |a xo  |c SK 
072 7 |a 81  |x Lingvistika. Jazyky  |2 konspekt 
080 |a 025.171  |2 2011 
080 |a 81'373.21  |2 2011 
080 |a (0:82-4)  |2 2011 
080 |a (437.6)  |2 2011 
100 1 |a Šujanský, František,  |d 1832-1907  |4 aut  |9 197903 
240 1 0 |a Slovenské mená miest 
245 1 0 |a Našské mená miest  |c Šujanský, František 
260 |a [Selce]  |c 1892 
300 |a 15 strán v rôznom stránkovaní  |b rukopis, voľné listy  |c 34 cm 
500 |a Posledná verzia príspevku do Slovenských pohľadov 
520 2 |a Príspevok k slovenskej toponymii 
530 |a Vydané aj v tlačenej forme 
546 |a Text slovensky; miestne mená uvedené slovensky, niekedy aj nemecky, maďarsky, poľsky, latinsky, česky 
555 0 |a Inventár rukopisov Literárneho archívu Matice slovenskej VI. Archív Slovenského národného múzea. Fondy M 51 - 120. Martin : Matica slovenská 1977 
561 |a Okrúhla pečiatka: Museálna slovenská spoločnosť 
561 |a Okrúhla pečiatka: Literárny archív Matice slovenskej Martin 
650 0 7 |a toponymá  |2 SNKPH  |9 90084 
651 7 |a Slovensko  |2 SNKPHgeo  |9 14231 
655 7 |a rukopisy  |2 SNKPH  |9 70548 
655 7 |a úvahy  |2 SNKPH  |9 29403 
787 0 8 |i Vydané v:  |t Slovenské pohľady  |g Roč. 12, č. 2, 6 (1892) 
852 |a Slovenská národná knižnica  |b Literárny archív 
958 |a MOF 
958 |a LAVD 
999 |c 866539  |d 868469 
952 |a SNKLA  |b SNKLA  |c SNKLA_DEP  |y NEVYP  |7 0  |p 17A1229134  |o snkM 102 E 5  |0 0  |1 0  |4 0  |d 2020-01-08  |f 1  |l 0  |r 2026-02-24 05:29:32  |w 2026-02-24